Number in Scripture; its supernatural design and spiritual significance. (Record no. 3341)

000 -LEADER
fixed length control field 00730nam a2200205 a 4500
001 - CONTROL NUMBER
control field :::00001071$&:&@@
003 - CONTROL NUMBER IDENTIFIER
control field OkBaRHE
005 - DATE AND TIME OF LATEST TRANSACTION
control field 20100331161010.0
008 - FIXED-LENGTH DATA ELEMENTS--GENERAL INFORMATION
fixed length control field s1967 j 000 0 eng u
040 ## - CATALOGING SOURCE
Transcribing agency
100 1# - MAIN ENTRY--PERSONAL NAME
Personal name Bullinger, E. W. (Ethelbert William), 1837-1913.
245 10 - TITLE STATEMENT
Title Number in Scripture; its supernatural design and spiritual significance.
260 ## - PUBLICATION, DISTRIBUTION, ETC. (IMPRINT)
Place of publication, distribution, etc Grand Rapids
Name of publisher, distributor, etc Kregel Publications
Date of publication, distribution, etc 1967
300 ## - PHYSICAL DESCRIPTION
Extent viii, 303 p. : illus. ;
Dimensions 23 cm.
650 ## - SUBJECT ADDED ENTRY--TOPICAL TERM
Topical term or geographic name as entry element Bible
General subdivision Criticism, interpretation, etc.
650 ## - SUBJECT ADDED ENTRY--TOPICAL TERM
Topical term or geographic name as entry element Symbolism in the Bible.
650 ## - SUBJECT ADDED ENTRY--TOPICAL TERM
Topical term or geographic name as entry element Symbolism of numbers.
942 ## - ADDED ENTRY ELEMENTS (KOHA)
Source of classification or shelving scheme
Koha item type Books
Copies
Damaged status Source of classification or shelving scheme Barcode Price effective from Not for loan Permanent Location Koha item type Full call number Date acquired Copy number Withdrawn status Lost status Date last seen Shelving location
  10712010-04-14 RHEMA Bible Training CollegeBooksBS 534 .B83 19672010-04-141  2010-04-14General Stacks